00853nam a2200241 i 4500003000900000005001700009008004100026040004300067082002500110100003300135245013600168264003800304300002400342336002200366337002400388338003300412500001100445546002000456650004300476650002500519651001000544856005700554EG-GICUC20260415195948.0260415s1924 Fr |||f |||| 00| 0 eng d aEG-GiCUCbengcEG-GiCUCdEG-GiCUCerda04221a343.1062bGO . C1 aGoadby, Frederic M.eAuthor.10aCommentary on Egyptian Criminal Law and the Related Crinainal Law of Palestine, Cyprus, and Iraq.nPart Ii /cBy Frederic M.Goadby. 1aCairo :bGovernment Press,c1924. a304 pages ;c24 cm. 2rda contentatext 2rda mediaaComputer 2rda carrieraOnline Resource aIndex  aText in English1 aCriminal Law - The General Part2qrmak1 aCriminal Law 2qrmak1 2qrmak40uhttps://fll.law.cu.edu.eg/fulltext/bks/B10-09587.pdf